| 000 | 00646nam a2200217Ia 4500 | ||
|---|---|---|---|
| 005 | 20230502142257.0 | ||
| 008 | 131103s9999 xx 000 0 und d | ||
| 020 |
_a8131505618 _cRs.425.00 |
||
| 040 | _aLoreto College | ||
| 041 | _aEnglish | ||
| 082 |
_a658.022 _bKUR |
||
| 100 | _aKuratko,Donald F. | ||
| 245 |
_aEntrepreneurship in the new millenium _cDonald F.Kuratko and Richard M.Hodgetts |
||
| 260 |
_aAustralia _bSouth-Western Cengage Learning _c2007 |
||
| 300 | _a594p | ||
| 504 | _aIncludes bibliographical references and index | ||
| 650 | _aEntrepreneurship | ||
| 700 | _aHodgetts,Richard M. | ||
| 850 | _aLCLIB | ||
| 942 | _cBK | ||
| 999 |
_c37522 _d88001 |
||